Causes of variations in water quality and aquatic ecology in rivers of the Upper Mississippi River Basin, Minnesota and Wisconsin.

Bibliographic Details
Main Author: Stark, James R.
Corporate Author: Geological Survey (U.S.)
Format: Government Document Book
Language:English
Published: [Mounds View, Minn.] : U.S. Dept. of the Interior, U.S. Geological Survey, [1997]
Series:Fact sheet (Geological Survey (U.S.)) ; FS 96-249.
Subjects:

MARC

Tag First Indicator Second Indicator Subfields
LEADER 00000cam a2200000 a 4500
001 in00001382999
005 20151020050710.0
008 970922s1997 mnuab b f000 0 eng d
010 |a gp 97071041  
035 |a (OCoLC)37664360 
035 |9 AHL5252AM 
040 |d GPO  |d DLC  |d MvI  |d UtOrBLW 
043 |a n-usm-- 
074 |a 0621-L 
086 0 |a I 19.127:249-96 
100 1 |a Stark, James R. 
245 1 0 |a Causes of variations in water quality and aquatic ecology in rivers of the Upper Mississippi River Basin, Minnesota and Wisconsin. 
264 1 |a [Mounds View, Minn.] :  |b U.S. Dept. of the Interior, U.S. Geological Survey,  |c [1997] 
300 |a 4 unnumbered pages :  |b color illustrations, color maps ;  |c 28 cm. 
336 |a text  |b txt  |2 rdacontent 
337 |a unmediated  |b n  |2 rdamedia 
338 |a volume  |b nc  |2 rdacarrier 
490 1 |a Fact sheet ;  |v FS 249-96 
500 |a Caption title. 
500 |a Shipping list no,: 97-0327-P. 
500 |a "April 1997"--P. [4]. 
504 |a Includes bibliographical references (page [4]). 
650 0 |a Water quality  |z Mississippi River Watershed. 
650 0 |a Marine ecology  |z Mississippi River Watershed. 
710 2 |a Geological Survey (U.S.) 
830 0 |a Fact sheet (Geological Survey (U.S.)) ;  |v FS 96-249. 
999 |a MARS 
999 f f |s 9ee60373-6772-3ba6-96cc-c336b3812f9d  |i f9560922-f457-3da3-9b6d-bf4b26f71213  |t 0 
952 f f |p normal  |a Texas A&M University  |b College Station  |c Sterling C. Evans Library  |d Evans: US Documents (Annex 5th floor)  |t 0  |e I 19.127:249-96  |h Superintendent of Documents classification  |i unmediated -- volume  |m A14821735968 
998 f f |a I 19.127:249-96  |t 0  |l Evans: US Documents (Annex 5th floor)